2020 NFL Combined All-Pro Team - Statistics

General Stats
  • This quiz has been taken 649 times
  • The average score is 43 of 66
Answer Stats
All-Pro Team Position Team Player Selected By % Correct
First QB Green Bay Packers Aaron Rodgers (AP, PFWA)
100%
First RB Tennessee Titans Derrick Henry (AP, PFWA)
99%
First TE Kansas City Chiefs Travis Kelce (AP, PFWA)
99%
First WR Green Bay Packers Devante Adams (AP, PFWA)
98%
Second S Seattle Seahawks Jamal Adams (AP-2)
98%
First WR Buffalo Bills Stefon Diggs (AP, PFWA)
98%
First WR Kansas City Chiefs Tyreek Hill (AP)
97%
First RB Minnesota Vikings Dalvin Cook (PFWA)
96%
First Edge Pittsburgh Steelers T.J. Watt (AP, PFWA-OLB)
93%
First Edge Cleveland Browns Myles Garrett (AP, PFWA)
92%
First DT Los Angeles Rams Aaron Donald (AP, PFWA)
91%
Second DT Kansas City Chiefs Chris Jones (AP-2)
89%
Second QB Buffalo Bills Josh Allen (AP-2t)
89%
Second QB Kansas City Chiefs Patrick Mahomes (AP-2t)
89%
Second RB New Orleans Saints Alvin Kamara (AP-2)
88%
First LB Seattle Seahawks Bobby Wagner (AP)
88%
First CB Los Angeles Rams Jalen Ramsey (AP, PFWA)
88%
First K Baltimore Ravens Justin Tucker (PFWA)
88%
Second K Baltimore Ravens Justin Tucker (AP-2)
88%
Second WR Minnesota Vikings Justin Jefferson (AP-2)
86%
First Edge Chicago Bears Khalil Mack (PFWA-OLB)
85%
Second Edge Chicago Bears Khalil Mack (AP-2)
85%
First LG Indianapolis Colts Quenton Nelson (AP, PFWA)
85%
Second WR Arizona Cardinals DeAndre Hopkins (AP-2)
84%
Second WR Seattle Seahawks DK Metcalf (AP-2t)
84%
First LB San Francisco 49ers Fredd Warner (AP, PFWA)
82%
First S Pittsburgh Steelers Minkah Fitzpatrick (AP-t, PFWA)
81%
First S Arizona Cardinals Budda Baker (AP-t)
77%
First S Kansas City Chiefs Tyrann Matthieu (AP, PFWA)
75%
First CB Miami Dolphins Xavien Howard (AP, PFWA)
75%
First DT Indianapolis Colts DeForest Buckner (AP, PFWA)
74%
Second LB Tampa Bay Buccaneers Devin White (AP-2)
74%
Second CB Green Bay Packers Jaire Alexander (AP-2)
74%
Second CB Buffalo Bills Tre'Davious White (AP-2)
74%
Second WR Atlanta Falcons Calvin Ridley (AP-2t)
71%
Second LB Chicago Bears Roquan Smith (AP-2t)
69%
Second Edge Green Bay Packers Za'Darius Smith (AP-2)
69%
Second LB New Orleans Saints Demario Davis (AP-2)
68%
Second DT Pittsburgh Steelers Cameron Heyward (AP-2)
67%
First LB Indianapolis Colts Darius Leonard (AP)
67%
First LT Green Bay Packers David Bakhtiari (AP, PFWA)
66%
Second LB Tampa Bay Buccaneers Lavonte David (AP-2t)
58%
Second S Cincinnati Bengals Jessie Bates (AP-2)
57%
Second WR Buffalo Bills Cole Beasley (AP-2t)
55%
First LG Cleveland Browns Joel Bitonio (PFWA)
52%
Second LG Cleveland Browns Joel Bitonio (AP-2)
52%
First KR Chicago Bears Cordarrelle Patterson (AP, PFWA)
50%
First K Miami Dolphins Jason Sanders (AP)
50%
Second C Detroit Lions Frank Ragnow (AP-2t)
49%
First RG Washington Football Team Brandon Scherff (AP)
42%
Second RG Cleveland Browns Wyatt Teller (AP-2)
40%
First C Green Bay Packers Corey Linsley (AP, PFWA)
37%
Second RT New Orleans Saints Ryan Ramczyk (AP-2)
36%
First Edge New Orleans Saints Trey Hendrickson (PFWA)
32%
Second LT Denver Broncos Garett Bolles (AP-2)
31%
Second ST New England Patriots Matthew Slater (AP-2)
30%
First RT Cleveland Browns Jack Conklin (AP, PFWA)
28%
Second C Indianapolis Colts Ryan Kelly (AP-2t)
28%
Second P Detroit Lions Jack Fox (AP-2)
18%
First P New England Patriots Jake Bailey (AP, PFWA)
17%
Second PR Miami Dolphins Jakeem Grant (AP-2)
16%
First PR New England Patriots Gunner Olszewski (AP, PFWA)
15%
First LS Baltimore Ravens Morgan Cox (AP)
9%
Second KR Buffalo Bills Andre Roberts (AP-2)
8%
Second LS Indianapolis Colts Luke Rhodes (AP-2)
5%
First ST Indianapolis Colts George Odum (AP, PFWA)
2%
No matching quizzes found
Score Distribution
Percent of People with Each Score
Percentile by Number Answered
Your Score History
You have not taken this quiz